000
00322nam a2200145Ia 4500
008
150201s1999 xx 000 0 und d
082
_a
610
_b
O1999G
100
_a
GUPTA,L.C.
245
_a
ORAL MEDICINE
250
_a
1ST
260
_b
AITBS
_a
DELHI
_c
1999
300
_a
1-270
650
_a
ORAL MEDICINE
942
_2
ddc
_c
BK
999
_c
2859
_d
2859